[Event "Bizkaiko-ch Primary"]
[Site "Arrigorriagako"]
[Date "2012.??.??"]
[Round "3.5"]
[White "Martin Bizarro, Antonio"]
[Black "Trigo Beiro, Daniel"]
[Result "1-0"]
[WhiteElo "1847"]
[BlackElo "1961"]
[PlyCount "26"]
[EventDate "2012.10.20"]
[EventType "tourn"]
[EventRounds "6"]
[EventCountry "ESP"]
[SourceTitle "EXT 2024"]
[Source "ChessBase"]
[SourceDate "2023.10.10"]
[SourceVersion "1"]
[SourceVersionDate "2023.10.10"]
[SourceQuality "1"]

1. e4 e5 2. f4 exf4 3. Nf3 g5 4. Bc4 g4 5. 0-0 gxf3 6. Qxf3 Bc5+ 7. Kh1 d6 8. Qxf4 Qe7 9. Bxf7+ Kd7 10. Qg4+ Kd8 11. Qg7 Qxe4 12. Qf8+ Kd7 13. Bxg8 Qe7 1-0

[Event "Bizkaiko-ch Primary"]
[Site "Arrigorriagako"]
[Date "2012.??.??"]
[Round "2.10"]
[White "Trigo Beiro, Daniel"]
[Black "Perez Arenas, Aitor Inigo"]
[Result "1-0"]
[WhiteElo "1961"]
[BlackElo "1711"]
[PlyCount "49"]
[EventDate "2012.10.20"]
[EventType "tourn"]
[EventRounds "6"]
[EventCountry "ESP"]
[SourceTitle "EXT 2024"]
[Source "ChessBase"]
[SourceDate "2023.10.10"]
[SourceVersion "1"]
[SourceVersionDate "2023.10.10"]
[SourceQuality "1"]

1. e4 c6 2. d4 d5 3. Nc3 dxe4 4. Nxe4 Bf5 5. Ng3 Bg6 6. h4 h5 7. Nf3 e6 8. Ne5 Ne7 9. Bg5 Qa5+ 10. c3 f6 11. Nxg6 Nxg6 12. Qb3 fxg5 13. Qxb7 Qb6 14. Qc8+ Kf7 15. Bc4 Nf4 16. Rb1 gxh4 17. Rxh4 Nd5 18. Ne4 Rh6 19. Ng5+ Ke7 20. Re4 Nd7 21. Qxa8 Nxc3 22. Re3 Nxb1 23. Bxe6 Qa5+ 24. Kf1 Qxg5 25. Bd5+ 1-0